000 00429nam a2200181Ia 4500
001 15011
005 20260306164956.0
008 260306t2010||||xx |||||||||||||| ||spa||
041 _aESP
082 _a519.54
_bLL743
100 _aLlinás Solano, Humberto
_eAUT
245 0 _aEstadística inferencial
260 _c2010
300 _a423 páginas :
_c28 cm.
650 _aGEN
654 _aCII
942 _cLIB
_dJUS
_fJUS
_2ddc
_n
999 _c15011
_d15011